00315pab a2200133 454500008004000000100001900040245004100059260000900100300001300109362000800122650002400130650001600154773001100170180718b2018 xxu||||| |||| 00| 0 eng d aKumar, Sanjeev aAddressing grievances in health care c2018 ap.45-47. aFeb aHealth care - India aHealth care aYojana